logo

LESTAT EL VAMPIRO. TOMO 2 CRONICAS VAMPIRICAS (Record no. 53165)

MARC details
000 -CABECERA
campo de control de longitud fija 00447nam a2200181Ia 4500
001 - NÚMERO DE CONTROL
campo de control 25756
005 - FECHA Y HORA DE LA ÚLTIMA TRANSACCIÓN
campo de control 20260407084033.0
008 - CÓDIGOS DE INFORMACIÓN DE LONGITUD FIJA
campo de control de longitud fija 260115s9999 xx 000 0 und d
010 ## - NÚMERO DE CONTROL DE LA BIBLIOTECA DEL CONGRESO
Número de control de LC 53165
035 ## - NÚMERO DE CONTROL DEL SISTEMA
Número de control de sistema 16302
090 ## - LOCALMENTE ASIGNADO TIPO-LC NÚMERO DE CLASIFICACIÓN (OCLC); NÚMERO DE CLASIFICACIÓN LOCAL (RLIN)
Número de clasificación (OCLC) (R) ; Numero de clasificación CALL (RLIN) (NR) 820(73)-3
100 ## - PUNTO DE ACCESO PRINCIPAL - NOMBRE DE PERSONA
Nombre de persona RICE ANNE
245 #0 - MENCIÓN DE TÍTULO
Título LESTAT EL VAMPIRO. TOMO 2 CRONICAS VAMPIRICAS
260 ## - PUBLICACIÓN, DISTRIBUCIÓN, ETC. (PIE DE IMPRENTA)
Nombre del editor distribuidor etc. EDICIONES B
Fecha de publicación distribución etc. 2000
630 ## - PUNTO DE ACCESO ADICIONAL DE MATERIA--TÍTULO UNIFORME
Título uniforme NOVELA CIENCIA FICCION
650 ## - PUNTO DE ACCESO ADICIONAL DE MATERIA--TÉRMINO DE MATERIA
Término de materia o nombre geográfico como elemento inicial LITERATURA ANGLOAMERICANA
942 ## - ELEMENTOS DE PUNTO DE ACCESO ADICIONAL (KOHA)
Tipo de ítem Koha Monografías
Holdings
Estado de retiro Estado de pérdida Estado dañado No para préstamo Código de colección Localización permanente Ubicación/localización actual Ubicación en estantería Fecha de adquisición Enumeración/cronología de publicación seriada Número de inventario Número de registro Total de préstamos Signatura topográfica completa Código de barras Fecha visto por última vez Número de copia Precio válido a partir de Tipo de ítem Koha Nota pública
          Servicio de Estudios Históricos Servicio de Estudios Históricos   19/12/2012 820(73)-3 22515 22515   16302 FH_25756 05/02/2026 1 05/02/2026 Monografías 17.5 CM,797 PG,1350 (8.11),BARCELONA. 2º PARTE DE ENTREVSITA CON EL VAMPIRO